| 000 | 00398 a2200145 4500 | ||
|---|---|---|---|
| 005 | 20250630081359.0 | ||
| 020 | _a0-07-056103-6 | ||
| 082 | _a658.403 SCO | ||
| 100 | _aSCOTT, G.M. | ||
| 245 | _aPrinciples of Management Information Systems, | ||
| 250 | _a2nd Ed. | ||
| 260 |
_aNew York, _bMcGraw-Hill Irwin, _c1986. |
||
| 300 |
_axviii; 918p: ill; Figure, Picture, _bIndex, _c25cm. |
||
| 942 |
_2ddc _cBKS |
||
| 999 |
_c6462 _d6462 |
||